The Little Prince Scrolling Typing Challenge Quiz Stats

 Plays Quiz Updated Oct 4, 2017

Score 0/159 Timer 03:00
1 Play Today
% Correct
???
100%
???
100%
???
81.9%
???
80.9%
???
80.6%
???
80.5%
???
80.4%
???
80.1%
???
80%
???
80%
???
79.9%
???
79.7%
???
79.6%
???
79.6%
???
79.4%
???
79.3%
???
79.2%
???
79.1%
???
78.9%
???
78.6%
???
78.6%
???
78.5%
???
78.3%
???
78.2%
???
78.2%
???
78.1%
???
78.1%
???
78%
???
78%
???
78%
???
77.9%
???
77.9%
???
77.8%
???
77.7%
???
77.7%
???
77.7%
???
77.6%
???
77.6%
???
77.6%
???
77.5%
???
77.5%
???
77.4%
???
77.4%
???
77.3%
???
77.3%
???
77.3%
???
77.2%
???
77.2%
???
77.1%
???
77.1%
???
77.1%
???
77%
???
77%
% Correct
???
76.9%
???
76.9%
???
76.8%
???
76.8%
???
76.7%
???
76.7%
???
76.5%
???
76.4%
???
76.3%
???
76.2%
???
76.2%
???
76.1%
???
76.1%
???
75.8%
???
75.6%
???
75.5%
???
75.4%
???
75.3%
???
75.3%
???
75.3%
???
75.1%
???
75.1%
???
75%
???
74.9%
???
74.8%
???
74.8%
???
74.6%
???
74.5%
???
74.5%
???
74.2%
???
73.9%
???
73.8%
???
73.8%
???
73.5%
???
73.4%
???
73.3%
???
73%
???
72.8%
???
72.6%
???
72.4%
???
72.1%
???
71.9%
???
71.4%
???
71.1%
???
70.3%
???
70.2%
???
69.8%
???
69.5%
???
69.5%
???
69.3%
???
69.1%
???
69%
???
68.8%
% Correct
???
68.6%
???
68.3%
???
68.2%
???
67.9%
???
67.7%
???
67.5%
???
67.2%
???
67%
???
66.7%
???
66.5%
???
65.4%
???
64.7%
???
64.4%
???
64.2%
???
63.6%
???
63.3%
???
62.9%
???
62.7%
???
61.3%
???
60.9%
???
60.6%
???
59.8%
???
59.5%
???
59.3%
???
58.5%
???
57.7%
???
57.4%
???
57%
???
56.7%
???
55.9%
???
55.3%
???
54.8%
???
53.4%
???
52.7%
???
51.4%
???
50.3%
???
49.9%
???
48.7%
???
48.2%
???
47.9%
???
47.5%
???
46.3%
???
45.9%
???
45%
???
44.7%
???
44.1%
???
43.2%
???
42.8%
???
41.9%
???
40.1%
???
39.3%
???
38.9%
???
38.5%

You're not logged in!

Compare scores with friends on all Sporcle quizzes.
Join for Free
OR
Log In

You Might Also Like...

Show Comments

Extras

Top Quizzes Today


Score Distribution

Your Account Isn't Verified!

In order to create a playlist on Sporcle, you need to verify the email address you used during registration. Go to your Sporcle Settings to finish the process.

Report this User

Report this user for behavior that violates our Community Guidelines.

Details: